00322nam a2200121Ia 4500008004100000041000800041082001200049100001900061245004500080260003200125300003200157365001100189240624s9999 xx 000 0 und d aeng a828 GOL aGOLEMAN DANIEL aFORCE FOR GOOD THE DALAI LAMA S VISION F c2015aNew DelhibBloomsbury aviii, : 256 : p. : cm. ; 23 cRSb30